000 00770nam a2200229 a 4500
001 000022738
005 20200930021752.0
008 101117s1974 sp r 000 0 spa d
020 _a8432504882
020 _a8432504998
040 _aDO-SdBNP
_bspa
_cBNPHU
082 _a813.4
_bB414c
100 1 _aBeecher Stowe, Harriet,
_d1811-1896
_946723
245 1 3 _aLa cabaña del tio Tom /
_cHarriet Beecher Stowe ; traducción Víctor Simancas.
260 _aBarcelona :
_bDoncel,
_c1974.
300 _a2 v. ;
_c18 cm.
490 1 _aLibro joven de bolsillo ;
_v57/ 58
650 4 _aNovela estadounidense
_9262
650 4 _aLiteratura estadounidense
_ySIGLO XIX
_912793
700 1 _aSimancas, Víctor,
_etraductor
_946724
830 0 _aLibro joven de bolsillo ;
_n57/58
_946725
999 _c22235
_d22235